Statistics for Countries with 3+ A's in Their Names

Click here to take the quiz!

General Stats

  • This quiz has been taken 60 times
    (33 since last reset)
  • The average score is 16 of 27

Answer Stats

AAA Countries% Correct
Australia
91%
Panama
81%
Bahamas
81%
Canada
81%
Saudi Arabia
78%
Kazakhstan
75%
Paraguay
75%
Papua New Guinea
72%
Afghanistan
72%
Azerbaijan
72%
Madagascar
69%
United Arab Emirates
66%
Albania
66%
Antigua and Barbuda
59%
Tanzania
56%
Mauritania
53%
Nicaragua
53%
Marshall Islands
50%
Central African Republic
50%
Malaysia
50%
Guatemala
47%
Trinidad and Tobago
47%
Bosnia and Herzegovina
44%
Saint Vincent and the Grenadines
44%
Equatorial Guinea
44%
Federated States of Micronesia
34%
Jamaica
31%

Score Distribution

Percentile by Number Answered

Percent of People with Each Score

Your Score History

You have not taken this quiz since the last reset